| 000 | 00433 a2200157 4500 | ||
|---|---|---|---|
| 005 | 20240812145548.0 | ||
| 008 | 231205b |||||||| |||| 00| 0 eng d | ||
| 020 | _a9789391818203 | ||
| 041 | _aeng | ||
| 100 |
_aMahadevan B. _9106174 |
||
| 245 |
_aIntroduction to Indian Knowledge System _bConcepts And Applications |
||
| 260 |
_bPHI Learning Private Limited _c2023 |
||
| 300 | _a417 | ||
| 700 |
_aBhat V.R. _9205375 |
||
| 942 | _cBK | ||
| 999 |
_c356205 _d356205 |
||